<?xml version="1.0" encoding="UTF-8"?>
<record
    xmlns:xsi="http://www.w3.org/2001/XMLSchema-instance"
    xsi:schemaLocation="http://www.loc.gov/MARC21/slim http://www.loc.gov/standards/marcxml/schema/MARC21slim.xsd"
    xmlns="http://www.loc.gov/MARC21/slim">

  <leader>01166nem0a2200301   4500</leader>
  <controlfield tag="001">RU\NLR\cart\3829</controlfield>
  <controlfield tag="005">20250617204006.0</controlfield>
  <datafield tag="010" ind1=" " ind2=" ">
    <subfield code="a">5-17-023501-1</subfield>
  </datafield>
  <datafield tag="035" ind1=" " ind2=" ">
    <subfield code="a">(NLR Aleph) 004273940</subfield>
  </datafield>
  <datafield tag="090" ind1=" " ind2=" ">
    <subfield code="a">2285876</subfield>
    <subfield code="c">2285876</subfield>
  </datafield>
  <datafield tag="100" ind1=" " ind2=" ">
    <subfield code="a">20060502d2004    |||y0rusy50      ca</subfield>
  </datafield>
  <datafield tag="101" ind1="0" ind2=" ">
    <subfield code="a">rus</subfield>
  </datafield>
  <datafield tag="102" ind1=" " ind2=" ">
    <subfield code="a">RU</subfield>
  </datafield>
  <datafield tag="120" ind1=" " ind2=" ">
    <subfield code="a">baa xx||</subfield>
  </datafield>
  <datafield tag="123" ind1="3" ind2=" ">
    <subfield code="a">a</subfield>
    <subfield code="b">22 000 000</subfield>
    <subfield code="b">300 000</subfield>
  </datafield>
  <datafield tag="200" ind1="1" ind2=" ">
    <subfield code="a">&#x410;&#x442;&#x43B;&#x430;&#x441; &#x430;&#x432;&#x442;&#x43E;&#x434;&#x43E;&#x440;&#x43E;&#x433; &#x415;&#x432;&#x440;&#x43E;&#x43F;&#x44B;, &#x420;&#x43E;&#x441;&#x441;&#x438;&#x438;, &#x441;&#x442;&#x440;&#x430;&#x43D; &#x421;&#x41D;&#x413; &#x438; &#x411;&#x430;&#x43B;&#x442;&#x438;&#x438;</subfield>
    <subfield code="b">&#x41A;&#x430;&#x440;&#x442;&#x44B;</subfield>
    <subfield code="g">&#x41E;&#x442;&#x432;. &#x440;&#x435;&#x434;. &#x410;.&#x41B;. &#x41E;&#x43A;&#x430;&#x442;&#x43E;&#x432;&#x430;</subfield>
  </datafield>
  <datafield tag="206" ind1=" " ind2=" ">
    <subfield code="a">&#x41C;-&#x431;&#x44B; &#x440;&#x430;&#x437;&#x43D;&#x44B;&#x435;</subfield>
  </datafield>
  <datafield tag="210" ind1=" " ind2=" ">
    <subfield code="a">&#x41C;.</subfield>
    <subfield code="c">&#x414;&#x438;&#x437;&#x430;&#x439;&#x43D;. &#x418;&#x43D;&#x444;&#x43E;&#x440;&#x43C;&#x430;&#x446;&#x438;&#x44F;. &#x41A;&#x430;&#x440;&#x442;&#x43E;&#x433;&#x440;&#x430;&#x444;&#x438;&#x44F;</subfield>
    <subfield code="c">&#x410;&#x441;&#x442;&#x440;&#x435;&#x43B;&#x44C;</subfield>
    <subfield code="c">&#x410;&#x421;&#x422;</subfield>
    <subfield code="d">2004</subfield>
  </datafield>
  <datafield tag="215" ind1=" " ind2=" ">
    <subfield code="a">1 &#x430;&#x442;&#x43B;. (351 &#x441;.)</subfield>
    <subfield code="c">&#x446;&#x432;., &#x441;&#x431;. &#x43B;., &#x442;&#x435;&#x43A;&#x441;&#x442;, &#x438;&#x43B;., &#x443;&#x43A;&#x430;&#x437;.</subfield>
    <subfield code="d">20&#x445;14 &#x441;&#x43C;</subfield>
  </datafield>
  <datafield tag="464" ind1=" " ind2="0">
    <subfield code="1">50900$a&#x415;&#x432;&#x440;&#x43E;&#x43F;&#x430;$3RU\NLR\auth_crt\55133</subfield>
  </datafield>
  <datafield tag="509" ind1="0" ind2="1">
    <subfield code="7">ca</subfield>
    <subfield code="a">&#x420;&#x43E;&#x441;&#x441;&#x438;&#x44F;</subfield>
    <subfield code="9">2633381</subfield>
    <subfield code="3">RU\NLR\auth_crt\55199</subfield>
  </datafield>
  <datafield tag="606" ind1="0" ind2=" ">
    <subfield code="a">&#x410;&#x432;&#x442;&#x43E;&#x43C;&#x43E;&#x431;&#x438;&#x43B;&#x44C;&#x43D;&#x44B;&#x435; &#x434;&#x43E;&#x440;&#x43E;&#x433;&#x438;</subfield>
    <subfield code="9">2177711</subfield>
    <subfield code="3">RU\NLR\auth_crt\663</subfield>
  </datafield>
  <datafield tag="702" ind1=" " ind2="1">
    <subfield code="a">&#x41E;&#x43A;&#x430;&#x442;&#x43E;&#x432;&#x430;</subfield>
    <subfield code="b">&#x410;. &#x41B;.</subfield>
    <subfield code="4">340</subfield>
  </datafield>
  <datafield tag="801" ind1=" " ind2="0">
    <subfield code="a">RU</subfield>
    <subfield code="b">NLR</subfield>
    <subfield code="c">20060502</subfield>
    <subfield code="g">PSBO</subfield>
  </datafield>
  <datafield tag="852" ind1=" " ind2=" ">
    <subfield code="a">NLR</subfield>
    <subfield code="b">&#x41A;</subfield>
    <subfield code="j">4-&#x421;&#x43E;&#x44E;&#x437; 6/4291</subfield>
    <subfield code="m">04-259</subfield>
    <subfield code="t">04-259&#x430;</subfield>
  </datafield>
  <datafield tag="942" ind1=" " ind2=" ">
    <subfield code="c">MAP</subfield>
  </datafield>
  <datafield tag="980" ind1=" " ind2=" ">
    <subfield code="a">NB</subfield>
  </datafield>
  <datafield tag="995" ind1=" " ind2=" ">
    <subfield code="5">2013-10-26</subfield>
    <subfield code="b">NLR02</subfield>
    <subfield code="c">NLR02</subfield>
    <subfield code="e">MAP</subfield>
    <subfield code="f">4273940-10</subfield>
    <subfield code="k">&#x41A; 4-&#x421;&#x43E;&#x44E;&#x437; 6/4291</subfield>
    <subfield code="o">0</subfield>
    <subfield code="r">BOOK</subfield>
    <subfield code="s">_464291</subfield>
  </datafield>
</record>
